Elegantná technickosť

Bibliographic Details
Main Authors: Čerešňová, Zuzana, 1973- (Author), Čerešňa, Rastislav (Author)
Format: Article
Language:Slovak
PhysicalDescription:Fotogr., obr.
ISSN:1335-3268
Subjects:

MARC

LEADER 00000nab a2200000 ar4500
001 vtls008413455
003 SK-MaSNL
005 20260304013248.0
008 051205c2005 xo mr|p|||||||000 b|slo
015 |a SNBRB2005/12  |2 snkbucl 
038 |a SNKBUCL 
040 |a SNKBUCL  |b slo  |c SNKBUCL  |e AACR2 
041 0 |a slo 
044 |a xo  |c SK 
080 |a 727.3  |x (437.6)  |2 UDC-MRF-SK2 
100 1 |a Čerešňová, Zuzana,  |d 1973-  |4 aut  |9 224182 
245 1 0 |a Elegantná technickosť  |c Zuzana Čerešňová, Rastislav Čerešňa 
300 |b Fotogr., obr. 
500 |a Autori projektu: Juraj Polyák, Ľubomír Holejšovský, Milan Csanda 
610 2 7 |a Slovenská poľnohospodárska univerzita v Nitre.  |b Mechanizačná fakulta  |2 snkbucl  |9 179096 
650 0 7 |a architektúra  |2 snkbucl  |9 722 
651 7 |a Nitra (Slovensko)  |2 snkbucl  |9 15714 
700 1 |a Čerešňa, Rastislav  |4 aut  |9 1294011 
773 0 |t ARCH  |g Roč. 10, č. 10 (2005), s. 22-29  |x 1335-3268 
852 |a SNK  |b KIS3GCP 
958 |a SK 
999 |c 2575105  |d 2577035